| 000 | 01634nam0a2200397 4500 | ||
|---|---|---|---|
| 001 | RU\NLR\BIBL_A\022583402 | ||
| 005 | 20260420050650.0 | ||
| 010 |
_a978-5-4461-1280-7 _93000 |
||
| 021 |
_aRU _bКН-П-25-029445 _9КН-П-25-2905 |
||
| 035 | _a(NLR Aleph) 022583402 | ||
| 090 |
_a13677601 _c13677601 |
||
| 100 | _a20250710d2025 u y0rusy50 ca | ||
| 101 | 0 | _arus | |
| 102 | _aRU | ||
| 105 | _aa z 000yy | ||
| 181 | 0 |
_ai _bxxxe |
|
| 182 | 0 | _an | |
| 200 | 1 |
_aЗдоровье человека в нездоровом мире _e[новые сенсационные открытия] _fБ. Болотов |
|
| 203 |
_aТекст _bвизуальный _cнепосредственный |
||
| 205 | _a2-е изд. | ||
| 210 |
_aСанкт-Петербург [и др.] _cПитер _d2025 |
||
| 215 |
_a512 с. _cил. _d21 |
||
| 225 | 1 | _aЖизнь по Болотову | |
| 225 | 1 |
_aМедицина Болотова _eМБ |
|
| 300 | _aВ аннот. авт.: акад. Б. Болотов – биолог, химик, физик | ||
| 320 | _aБиблиогр.: с. 510–512 (47 назв.) | ||
| 320 | _aДругие кн. авт. на задней сторонке пер. | ||
| 333 | _a16+ | ||
| 606 | 1 |
_aТерапия нетрадиционная _xБолотова метод _92250138 _3RU\NLR\AUTH\661349719 |
|
| 675 | _a615.8 | ||
| 686 | 1 | _aР358.9 | |
| 700 | 1 |
_7ca _8rus _aБолотов _bБ. В. _cнародный целитель _f1930- _gБорис Васильевич _977731 _3RU\NLR\AUTH\7794805 |
|
| 942 | _cBOOK | ||
| 980 | _aNB | ||